Berkeley bohemia : artists and visionaries of the early 20th century /
| Main Author: | |
|---|---|
| Other Authors: | , |
| Format: | Book |
| Language: | English |
| Published: |
Layton, Utah :
Gibbs Smith Publishers,
[2008]
|
| Edition: | 1st ed. |
| Subjects: | |
| Online Access: | Contributor biographical information Publisher description Sample text Table of contents only |
MARC
| Tag | First Indicator | Second Indicator | Subfields |
|---|---|---|---|
| LEADER | 00000cam a2200000 a 4500 | ||
| 001 | in00002398721 | ||
| 005 | 20151109072613.0 | ||
| 008 | 070815s2008 utuab b 001 0 eng | ||
| 010 | |a 2007033842 | ||
| 015 | |a GBA793359 |2 bnb | ||
| 016 | 7 | |a 014342091 |2 Uk | |
| 020 | |a 9781423600855 | ||
| 020 | |a 1423600851 | ||
| 029 | 1 | |a IG# |b 9781423600855 | |
| 029 | 1 | |a AU@ |b 000042110681 | |
| 035 | |a (OCoLC)ocn166255117 | ||
| 035 | |a (OCoLC)166255117 | ||
| 040 | |a DLC |c DLC |d IG# |d BAKER |d BTCTA |d UKM |d YDXCP |d UtOrBLW | ||
| 043 | |a n-us-ca | ||
| 049 | |a TXAM | ||
| 050 | 0 | 0 | |a NX511.B47 |b H47 2008 |
| 082 | 0 | 0 | |a 700.9794/67 |2 22 |
| 100 | 1 | |a Herny, Ed. | |
| 245 | 1 | 0 | |a Berkeley bohemia : |b artists and visionaries of the early 20th century / |c Ed Herny, Shelley Rideout, Katie Wadell. |
| 250 | |a 1st ed. | ||
| 264 | 1 | |a Layton, Utah : |b Gibbs Smith Publishers, |c [2008] | |
| 264 | 4 | |c ©2008 | |
| 300 | |a 208 pages : |b illustrations, map ; |c 26 cm. | ||
| 336 | |a text |b txt |2 rdacontent | ||
| 337 | |a unmediated |b n |2 rdamedia | ||
| 338 | |a volume |b nc |2 rdacarrier | ||
| 504 | |a Includes bibliographical references (pages 198-203) and index. | ||
| 505 | 0 | |a Pioneers and passersby -- Charles and Louise Keeler -- Living with nature -- Pictorial photography arises -- Community performances -- Literary aspirations -- Crafted by hand -- Wild men and revolutionaries -- Cosmic thoughts -- How the WPA kept art alive -- Legacy. | |
| 650 | 0 | |a Arts, American |z California |z Berkeley |y 20th century. | |
| 700 | 1 | |a Rideout, Shelley. | |
| 700 | 1 | |a Wadell, Katie. | |
| 856 | 4 | 2 | |3 Contributor biographical information |u http://www.loc.gov/catdir/enhancements/fy0811/2007033842-b.html |t 0 |
| 856 | 4 | 2 | |3 Publisher description |u http://www.loc.gov/catdir/enhancements/fy0811/2007033842-d.html |t 0 |
| 856 | 4 | 1 | |3 Sample text |u http://www.loc.gov/catdir/enhancements/fy0811/2007033842-s.html |t 0 |
| 856 | 4 | 1 | |3 Table of contents only |u http://www.loc.gov/catdir/enhancements/fy0811/2007033842-t.html |t 0 |
| 938 | |a Ingram |b INGR |n 9781423600855 | ||
| 938 | |a Baker and Taylor |b BTCP |n BK0007470630 | ||
| 938 | |a Baker & Taylor |b BKTY |c 24.99 |d 18.74 |i 1423600851 |n 0007470630 |s active | ||
| 938 | |a YBP Library Services |b YANK |n 2801427 | ||
| 945 | |a PromptCat |b 442829 | ||
| 946 | |a stk | ||
| 947 | |a A14836806392 | ||
| 994 | |a 92 |b TXA | ||
| 948 | |a cataloged |b h |c 2008/6/25 |d c |e asalazar |f 4:25:13 pm | ||
| 999 | |a MARS | ||
| 999 | f | f | |s 6e3e5987-67e3-3fa4-89a1-1eb0a0a0ff91 |i 5ac6713f-80fe-3d2d-b11c-cf8ec7255650 |t 0 |
| 952 | f | f | |p normal |a Texas A&M University |b College Station |c Sterling C. Evans Library |d Evans: Library Stacks |t 0 |e NX511.B47 H47 2008 |h Library of Congress classification |i unmediated -- volume |m A14836806392 |
| 998 | f | f | |a NX511.B47 H47 2008 |t 0 |l Evans: Library Stacks |